[Event "Moscow6"]
[Site "Moscow"]
[Date "1991.??.??"]
[Round "?"]
[White "Milov, Vadim"]
[Black "Zarubin, Pavel"]
[Result "0-1"]
[WhiteElo "2365"]
[BlackElo "2435"]

1.d4 e6 2.c4 f5 3.Nf3 Nf6 4.g3 d5 5.Bg2 Be7 6.O-O O-O 7.Nbd2 Nc6 8.b3 Ne4
9.Bb2 a5 10.a3 Ra6 11.Ne1 g5 12.e3 Bd7 13.Nxe4 fxe4 14.f3 exf3 15.Rxf3 Be8
16.Rxf8+ Bxf8 17.Nd3 Bf7 18.Nc5 Rb6 19.Qc2 Bg7 20.Rf1 Ne7 21.Bc3 Bg6 22.Qd2 a4
23.bxa4 Qc8 24.Bb4 Rd6 25.a5 Kh8 26.Nxb7 Qxb7 27.Bxd6 cxd6 28.Qb4 Qc6 29.Qb8+ Ng8
30.cxd5 Qc3 31.dxe6 Qxe3+ 32.Kh1 Be4 33.Qb2 Bxd4 34.Qa2 Nf6 35.e7 Bxg2+ 36.Qxg2 Qxe7
37.Qf3 g4 38.Qa8+ Kg7 39.a6 Qe2 40.Qb7+ Kh6 41.Qg2 Qxa6 42.h3 Qd3 43.hxg4 Ne4
44.Kh2 Be5 45.Rf3 Qd1 46.Qf1 Qd2+ 47.Qg2 Qd4 48.Qe2 Nf6 49.Rd3 Nxg4+ 50.Kg2 Qa4
51.Qd2+ Kg6 52.Rf3 Qc6 53.Qd3+ Kg7 54.Kh3 Nf6 55.Qf5 Qc1 56.Kg2 Bd4 57.Rf1 Qxa3
58.Qg5+ Kh8 59.Kh3 Qc5 60.Qh6 Qc8+ 61.Kg2 Qb7+  0-1

[Event "Rishon Le Ziyyon"]
[Site "Rishon Le Ziyyon"]
[Date "1991.??.??"]
[Round "?"]
[White "Bruk, Ofer"]
[Black "Milov, Vadim"]
[Result "1-0"]
[WhiteElo "2435"]
[BlackElo "2365"]

1.Nf3 d5 2.d4 Nf6 3.c4 c6 4.Nc3 e6 5.cxd5 cxd5 6.Bf4 Nc6 7.e3 Nh5 8.Bg5 Qb6
9.a3 h6 10.Bh4 g5 11.Bg3 Nxg3 12.hxg3 Bg7 13.Bd3 Qd8 14.Rc1 Kf8 15.b4 g4
16.Nd2 e5 17.dxe5 d4 18.exd4 Qxd4 19.Be4 Be6 20.Ne2 Qxe5 21.Bxc6 bxc6 22.O-O Bd5
23.Nf4 Qg5 24.Re1 Rd8 25.Qc2 h5 26.Ne4 Qh6 27.Nxd5 cxd5 28.Qc7 Qb6 29.Ng5 Qf6
30.Nxf7 Ra8 31.Nxh8 Bxh8 32.Rc6 Qf5 33.Qb7  1-0

[Event "Rishon Le Ziyyon"]
[Site "Rishon Le Ziyyon"]
[Date "1991.??.??"]
[Round "?"]
[White "Milov, Vadim"]
[Black "Bronstein, David I"]
[Result "1-0"]
[WhiteElo "2365"]
[BlackElo "2460"]

1.d4 Nf6 2.c4 g6 3.Nc3 Bg7 4.e4 d6 5.Be2 O-O 6.Bg5 c5 7.d5 b5 8.cxb5 a6 9.a4 Qa5
10.Bd2 Qb4 11.Bd3 c4 12.Be2 Nbd7 13.Nf3 Ne8 14.O-O Nc5 15.Ne1 Nb3 16.Nc2 Qa5
17.Ra3 Nxd2 18.Qxd2 Nc7 19.Bxc4 Qb6 20.a5 Qc5 21.Be2 Nxb5 22.Nxb5 axb5 23.b4 Qa7
24.Bxb5 Ba6 25.Bxa6 Qxa6 26.Rb1 Qc4 27.Qd3 Qxd3 28.Rxd3 Rfc8 29.Ne3 Bc3 30.Rb3 Be5
31.Kf1 Kf8 32.Ke2 e6 33.Rd1 Ke7 34.Kd3 Rcb8 35.Nc4 exd5 36.Nb6 dxe4+ 37.Kxe4 Ra7
38.Kd5 Rc7 39.f4 Bxf4 40.Ke4  1-0

[Event "Rishon Le Ziyyon"]
[Site "Rishon Le Ziyyon"]
[Date "1991.??.??"]
[Round "?"]
[White "Milov, Vadim"]
[Black "Veinger, Itzchak"]
[Result "1-0"]
[WhiteElo "2365"]
[BlackElo "2395"]

1.d4 Nf6 2.c4 c5 3.d5 e5 4.Nc3 d6 5.e4 Be7 6.g3 O-O 7.Bg2 Ne8 8.Nge2 Nd7
9.O-O a6 10.a4 b6 11.Be3 Rb8 12.Nc1 Nc7 13.Nd3 b5 14.cxb5 axb5 15.b4 bxa4
16.bxc5 Nxc5 17.Bxc5 dxc5 18.Nxe5 Bb7 19.Nxa4 Bf6 20.f4 Qd6 21.Nb2 Nb5 22.Nbc4 Qc7
23.Qa4 Nd6 24.Qa5 Qxa5 25.Nxa5 Rfc8 26.Rfb1 Ba8 27.Rxb8 Rxb8 28.Rc1 Rb5 29.Nac6 h5
30.Rc2 Bb7 31.Bf3 Ba6 32.Kg2 c4 33.Nd7 Bb2 34.Ne7+ Kh7 35.e5 Nc8 36.Be4+ g6
37.Nxc8 Bxc8 38.Nf6+ Kg7 39.Rxc4 Bb7 40.d6  1-0

[Event "Rishon Le Ziyyon"]
[Site "Rishon Le Ziyyon"]
[Date "1991.??.??"]
[Round "?"]
[White "Milov, Vadim"]
[Black "Webster, Andrew"]
[Result "1/2-1/2"]
[WhiteElo "2365"]
[BlackElo "2340"]

1.d4 g6 2.e4 Bg7 3.Nc3 c6 4.g3 d5 5.exd5 cxd5 6.Bg2 e6 7.Nf3 Nc6 8.O-O Nge7
9.Bf4 O-O 10.Ne2 b6 11.c3 Ba6 12.Re1 Nf5 13.Nc1 Qd7 14.Ne5 Nxe5 15.dxe5 Rac8
16.Nb3 Rc7 17.h4 Bc4 18.Nd4 Nxd4 19.Qxd4 h5 20.Bg5 Qb5 21.b3 Bd3 22.Re3 Bf5
23.f3 Qc5 24.Qf4 Qa5 25.Rc1 Qa3 26.Rf1 Qxa2 27.g4 Bb1 28.Bf6 Kh7 29.Bxg7 Kxg7
30.Qf6+ Kh7 31.f4 hxg4 32.h5 gxh5 33.f5 Rg8 34.Qh4 Kh6 35.Qf6+ Kh7 36.Qh4 Kh6
37.Qf6+ Kh7 38.Qh4 Kh6  1/2-1/2

[Event "Rishon Le Ziyyon"]
[Site "Rishon Le Ziyyon"]
[Date "1991.??.??"]
[Round "?"]
[White "Shrentzel, Mordechai"]
[Black "Milov, Vadim"]
[Result "0-1"]
[WhiteElo "2280"]
[BlackElo "2365"]

1.e4 c5 2.c3 d5 3.exd5 Qxd5 4.d4 Nc6 5.Nf3 Bg4 6.Be2 O-O-O 7.O-O Nf6 8.Be3 e5
9.c4 Qd7 10.d5 Bxf3 11.Bxf3 Nd4 12.Nd2 h5 13.b4 Qf5 14.Rb1 Nd7 15.Bxd4 exd4
16.Ne4 cxb4 17.Qxd4 b6 18.c5 Nxc5 19.Rbc1 Rh6 20.Qxb4 Rg6 21.Kh1 Qf4 22.Qa3 Kb8
23.Nxc5 Bxc5 24.Rxc5 bxc5 25.Qxc5 Rb6 26.d6 Qxd6 27.Qf5 Qd4 28.h3 f6 29.Rc1 Qb2
30.Rc4 Re8 31.Re4 Qc1+ 32.Kh2 Qc7+ 33.g3 Rd8  0-1

[Event "Rishon Le Ziyyon"]
[Site "Rishon Le Ziyyon"]
[Date "1991.??.??"]
[Round "?"]
[White "Votava, Jan"]
[Black "Milov, Vadim"]
[Result "0-1"]
[WhiteElo "2395"]
[BlackElo "2365"]

1.e4 c5 2.d4 cxd4 3.c3 dxc3 4.Nxc3 Nc6 5.Nf3 e6 6.Bc4 Qc7 7.Qe2 Nf6 8.e5 Ng4
9.Bf4 d5 10.Bd3 Nb4 11.Bb1 Bc5 12.O-O b6 13.Nb5 Qd7 14.Nfd4 h5 15.a3 Nc6
16.Nxc6 Qxc6 17.b4 a6 18.Bd3 Bd7 19.bxc5 axb5 20.cxb6 Qxb6 21.Bd2 Qd4 22.Rfe1 O-O
23.Rad1 f6 24.h3 Nxe5 25.Bb4 Qf4 26.Bxf8 Kxf8 27.Bxb5 Bxb5 28.Qxb5 Kg8 29.Qb6 Qf5
30.Ra1 Ra4 31.Qb3 Rf4 32.a4 Nd3 33.Rf1 Rb4 34.Qc3 Rc4 35.Qd2 Nf4 36.Ra3 Qg5
37.Qxf4 Qxf4 38.a5 Ra4 39.Rf3 Qd4  0-1

[Event "Rishon Le Ziyyon"]
[Site "Rishon Le Ziyyon"]
[Date "1991.??.??"]
[Round "?"]
[White "Liss, Eran"]
[Black "Milov, Vadim"]
[Result "1-0"]
[WhiteElo "2350"]
[BlackElo "2365"]

1.e4 c5 2.Nf3 Nc6 3.d4 cxd4 4.Nxd4 e5 5.Nb5 d6 6.c4 Be7 7.N1c3 a6 8.Na3 Be6
9.Nc2 Bg5 10.Bd3 h6 11.O-O Nf6 12.Nd5 O-O 13.Bd2 Nd7 14.Nce3 Rc8 15.g3 Nc5
16.Bc2 Bh3 17.Re1 Nd4 18.Bc3 Nxc2 19.Qxc2 Bxe3 20.Nxe3 Qg5 21.Rad1 Rc6 22.Nd5 Kh8
23.f4 Qh5 24.f5 Nxe4 25.Qxe4 Bxf5 26.Qg2 Bh3 27.Qf2 Rxc4 28.Ne3 Rc6 29.Kh1 f5
30.Rg1 Rf6 31.Rd2 Qf7 32.Nd5 Rg6 33.Ne3 Rf6 34.Qf3 Rc8 35.Qd5 Qh5 36.Qxb7 Rcf8
37.Rf2 R6f7 38.Qf3 Bg4 39.Qd5 Bh3 40.Qxd6 f4 41.gxf4 Bc8 42.Rg3 Re8 43.f5 Qh4
44.Kg1 Bb7 45.Qg6 Qe4 46.Ng2 Qd5 47.f6 Rg8 48.fxg7+ Rgxg7 49.Qxh6+ Kg8 50.Rxf7  1-0

[Event "Wch U20"]
[Site "Buenos Aires"]
[Date "1992.??.??"]
[Round "?"]
[White "Milov, Vadim"]
[Black "Relange, Eloi"]
[Result "1-0"]
[WhiteElo "2500"]
[BlackElo "2365"]

1.d4 e6 2.c4 f5 3.g3 Nf6 4.Bg2 c6 5.Nf3 d5 6.O-O Bd6 7.Ne5 O-O 8.Bf4 Nh5
9.e3 Nxf4 10.exf4 Bxe5 11.dxe5 b6 12.Nd2 Bb7 13.cxd5 cxd5 14.Nc4 Ba6 15.Nd6 Nd7
16.Re1 Nc5 17.Qf3 Ne4 18.Qa3 Nxd6 19.exd6 Bc8 20.Rac1 a5 21.Rc7 Rf7 22.Rec1 Ba6
23.Rxf7 Kxf7 24.Rc7+ Kg8 25.Qc3 Qf8 26.Qc6 Rd8 27.d7 Qe7 28.Qxb6 Bc4 29.Rc8  1-0

[Event "Wch U20"]
[Site "Buenos Aires"]
[Date "1992.??.??"]
[Round "?"]
[White "Milov, Vadim"]
[Black "Nielsen, Peter Heine"]
[Result "1-0"]
[WhiteElo "2500"]
[BlackElo "2465"]

1.d4 Nf6 2.c4 e6 3.Nc3 Bb4 4.f3 d5 5.a3 Bxc3+ 6.bxc3 c5 7.cxd5 Nxd5 8.dxc5 Qa5
9.e4 Ne7 10.Be3 O-O 11.Qb3 Qc7 12.a4 Nec6 13.f4 Na5 14.Qa3 Nd7 15.Nf3 b6
16.cxb6 axb6 17.Nd2 Ba6 18.Bb5 Nc4 19.Bxc4 Bxc4 20.Qb4 Ba6 21.c4 Nc5 22.O-O Rfd8
23.a5 bxa5 24.Qxc5 Qxc5 25.Bxc5 Rxd2 26.Rxa5 Rdd8 27.Be7 Rdc8 28.Rfa1 Bb7
29.Rxa8 Bxa8 30.e5 h5 31.Bd6 Kh7 32.Kf2 Kg6 33.Ke3 Kf5 34.g3 Kg6 35.Ra7 Bg2
36.Kd4 Bf1 37.c5 Bb5 38.Kc3 Be8 39.Kb4 Kf5 40.Ka5 Ke4 41.Kb6 Kd5 42.Bc7 Bc6
43.Ra1 Ba8 44.Rd1+ Ke4 45.c6  1-0

[Event "Wch U20"]
[Site "Buenos Aires"]
[Date "1992.??.??"]
[Round "?"]
[White "Milov, Vadim"]
[Black "Michelakis, George"]
[Result "0-1"]
[WhiteElo "2500"]
[BlackElo "2355"]

1.d4 Nf6 2.c4 e6 3.Nc3 Bb4 4.f3 c5 5.d5 b5 6.e4 bxc4 7.Bxc4 Nxd5 8.Bxd5 exd5
9.Qxd5 Nc6 10.Ne2 Ba6 11.Bf4 O-O 12.Rd1 Ba5 13.a3 Rc8 14.Kf2 Nd4 15.Be5 Bxc3
16.Nxc3 Qb6 17.Na4 Qb5 18.Bxd4 Qe2+ 19.Kg3 cxd4 20.Rhe1 Qc2 21.Qa5 Rc6 22.Rd2 Qc4
23.Qb4 Qe6 24.Kf2 Qh6 25.Rxd4 Rc2+ 26.Kg1 Qh4 27.Kh1 Qf2 28.Rg1 Bf1  0-1

[Event "Wch U20"]
[Site "Buenos Aires"]
[Date "1992.??.??"]
[Round "?"]
[White "Milov, Vadim"]
[Black "Zarnicki, Pablo"]
[Result "1/2-1/2"]
[WhiteElo "2500"]
[BlackElo "2455"]

1.d4 Nf6 2.c4 e6 3.Nc3 Bb4 4.f3 d5 5.a3 Be7 6.e4 c5 7.cxd5 exd5 8.e5 Nfd7
9.f4 Nc6 10.Nf3 cxd4 11.Nxd4 O-O 12.Be3 Nc5 13.Bb5 Nxd4 14.Bxd4 Bf5 15.O-O Ne6
16.Kh1 Rc8 17.Be2 a6 18.Qd2 Rc6 19.Rad1 Nxd4 20.Qxd4 Bc5 21.Qxd5 Qh4 22.g3 Qh3
23.Qg2 Qxg2+ 24.Kxg2 Bxa3 25.Bf3 Bxb2 26.Bxc6 bxc6 27.Na4 Ba3 28.Ra1 Bb4
29.Kf3 h5 30.Rfc1 Rd8 31.Nc5 a5 32.Ra2 Rd5 33.Nb7 Be6 34.Rac2 a4 35.Ke4 g6
36.Rxc6 a3 37.Nc5 Bxc5 38.R6xc5 Rd2 39.Ke3 Rxh2 40.Rb1 a2 41.Rb8+ Kg7 42.Ra5 Bd5
43.Rd8 Rh1  1/2-1/2

[Event "Wch U20"]
[Site "Buenos Aires"]
[Date "1992.??.??"]
[Round "?"]
[White "Milov, Vadim"]
[Black "Annakov, Babakuli"]
[Result "1-0"]
[WhiteElo "2500"]
[BlackElo "2315"]

1.d4 f5 2.g3 Nf6 3.Bg2 d6 4.Nf3 g6 5.O-O Bg7 6.b3 O-O 7.Bb2 c6 8.c4 Kh8 9.Nbd2 Be6
10.Re1 d5 11.Ne5 Nbd7 12.Nd3 Ne4 13.Nf4 Bf7 14.cxd5 cxd5 15.f3 Nd6 16.e4 Qb6
17.Kh1 e6 18.e5 Nc8 19.Nb1 Ne7 20.Nc3 Rfc8 21.Nd3 a6 22.Na4 Qd8 23.Qd2 Bf8
24.Ndc5 Nxc5 25.Nxc5 Rab8 26.Rac1 Nc6 27.Bf1 g5 28.a3 Na5 29.Bc3 Rxc5 30.dxc5 Nxb3
31.Qb2 Nxc1 32.Bd4 Na2 33.Qxa2 Qa5 34.Rc1 Rc8 35.Qb3 Qc7 36.Qe3 Be7 37.h3 Qd8
38.Rb1 Qc7 39.Rc1 Be8 40.Bd3 Kg8 41.f4 Qd8 42.Rg1 Bg6 43.fxg5 Bxg5 44.Qf2 Qf8
45.Rb1 Qe7 46.Rb6 Qf7 47.Rd6 Rc7 48.Be2 Be7 49.Qf4 Bf8 50.h4 Rc6 51.Kg2 Qg7
52.Bd1 Bf7 53.Rd7 Qh6 54.Qxh6 Bxh6 55.Ba4 Rc8 56.Rxb7 Bf8 57.Bd7 Rxc5 58.Bxc5 Bxc5
59.a4 Bd4 60.Rb8+ Kg7 61.Ra8 Bxe5 62.Rxa6 Kf6 63.a5 d4 64.Bb5 f4 65.gxf4 Bxf4
66.Bd3  1-0

[Event "Wch U20"]
[Site "Buenos Aires"]
[Date "1992.??.??"]
[Round "?"]
[White "Ciemniak, Robert"]
[Black "Milov, Vadim"]
[Result "1/2-1/2"]
[WhiteElo "2415"]
[BlackElo "2500"]

1.e4 c5 2.Nc3 Nc6 3.g3 g6 4.Bg2 Bg7 5.d3 e6 6.h4 Nf6 7.Nh3 e5 8.Nd5 d6 9.c3 Nxd5
10.exd5 Ne7 11.h5 h6 12.hxg6 fxg6 13.Be4 Bf5 14.f3 Qd7 15.Nf2 g5 16.Be3 Ng6
17.Qe2 Qf7 18.Rf1 Ne7 19.c4 O-O 20.Ng4 Qg6 21.Bd2 h5 22.Ne3 Bxe4 23.dxe4 Rf7
24.g4 h4 25.Nf5 Rd8 26.Rg1 Bf6 27.Kf1 Qh7 28.Kg2 Ng6 29.Kh3 Nf4+ 30.Bxf4 exf4
31.Rab1 Be5 32.a3 Rc7 33.Rgc1 Qd7 34.Qd3 Rdc8 35.b4 b5 36.a4 bxc4 37.Rxc4 cxb4
38.Rc6 Kh7 39.Rxb4 Rxc6 40.dxc6 Qxc6 41.Qb3 d5 42.Rb7+ Rc7 43.Rxc7+ Qxc7
44.Qxd5 Qc3 45.Qb7+ Qc7 46.Qa6 Bg7 47.Nxg7 Qc1 48.Kg2 h3+ 49.Kh2 Qd2+ 50.Kxh3 Qe1
51.Kg2 Qg3+ 52.Kf1 Qxf3+ 53.Ke1 Qxe4+ 54.Kd2 Qd4+ 55.Ke2 Qe3+ 56.Kf1 Qh3+
57.Ke1 Qc3+ 58.Kf1 Qc1+ 59.Ke2 Qc2+ 60.Kf3 Qc3+ 61.Ke4 Qxg7 62.Qb5 Qe7+ 63.Kd4 Qf6+
64.Kd3 Qd6+ 65.Kc3 Kh6 66.Qe8 Kg7 67.Qb5 Kh6 68.Qe8 Kg7 69.Qb5 Qf6+ 70.Kd3 Kh6
71.Qd5 f3 72.Qe4 a5 73.Ke3 f2 74.Qh1+ Kg7 75.Ke2 Qb2+ 76.Ke3 Qf6 77.Ke2 Kf7
78.Qh7+ Ke8 79.Qg8+ Ke7 80.Qh7+ Kd6 81.Qd3+  1/2-1/2

[Event "Wch U20"]
[Site "Buenos Aires"]
[Date "1992.??.??"]
[Round "?"]
[White "De la Riva Aguado, Oscar"]
[Black "Milov, Vadim"]
[Result "1-0"]
[WhiteElo "2400"]
[BlackElo "2500"]

1.e4 c5 2.Nf3 Nc6 3.Bb5 e6 4.O-O Nge7 5.c3 d5 6.exd5 Qxd5 7.Qe2 Bd7 8.d4 Qh5
9.Rd1 a6 10.Ba4 Nd5 11.c4 Nb6 12.Bxc6 bxc6 13.dxc5 Bxc5 14.Nc3 Be7 15.Ne4 Rd8
16.Bf4 Rc8 17.c5 Nd5 18.Nd6+ Bxd6 19.Bxd6 a5 20.Rd4 f6 21.Re1 e5 22.Qa6 Kf7
23.Qb7 Qf5 24.Nh4 Qe6 25.f4 Rhd8 26.f5 Qe8 27.Rxd5 cxd5 28.Qxd5+ Be6 29.fxe6+ Qxe6
30.Qe4 g6 31.Rf1 Kg7 32.Qb7+ Kg8 33.Nf3 Qxa2 34.b3 a4 35.bxa4 Qxa4 36.Qd5+ Kg7
37.Nxe5 fxe5 38.Rf7+ Kh6 39.Qd2+ g5 40.Rf6+ Kg7 41.Qxg5+ Kh8 42.Rf8+  1-0

[Event "Wch U20"]
[Site "Buenos Aires"]
[Date "1992.??.??"]
[Round "?"]
[White "Kahn, Evarth"]
[Black "Milov, Vadim"]
[Result "0-1"]
[WhiteElo "2390"]
[BlackElo "2500"]

1.d4 d5 2.c4 c6 3.Nf3 Nf6 4.Nc3 e6 5.Bg5 h6 6.Bxf6 Qxf6 7.e3 Nd7 8.Bd3 dxc4
9.Bxc4 g6 10.e4 e5 11.dxe5 Nxe5 12.Nxe5 Qxe5 13.Qb3 Qc7 14.O-O Bg7 15.f4 Qb6+
16.Qxb6 axb6 17.e5 Bf5 18.Be2 O-O-O 19.Rad1 f6 20.g4 Bc2 21.Rxd8+ Rxd8 22.e6 f5
23.Rc1 Rd2 24.Re1 Kd8 25.e7+ Kxe7 26.Ba6+ Kd6 27.Bxb7 Bd4+ 28.Kh1 Bxc3 29.bxc3 Be4+
30.Kg1 Rg2+ 31.Kf1 Rxa2 32.Bc8 Rxh2 33.gxf5 gxf5 34.Re3 Rh4 35.Ke2 h5 36.Rg3 Rg4
37.Rh3 h4 38.Ke3 Rg3+ 39.Rxg3 hxg3 40.Ba6 b5 41.Bc8 Kd5  0-1

[Event "ISR-ch"]
[Site "ISR"]
[Date "1992.??.??"]
[Round "1"]
[White "Milov, Vadim"]
[Black "Greenfeld, Alon"]
[Result "0-1"]
[WhiteElo "2340"]
[BlackElo "2535"]

1.d4 Nf6 2.c4 e6 3.Nc3 Bb4 4.f3 d5 5.a3 Bxc3+ 6.bxc3 c5 7.cxd5 Nxd5 8.dxc5 f5
9.e4 fxe4 10.Qc2 O-O 11.fxe4 Nf4 12.Nf3 Nd7 13.Be3 Qc7 14.Bc4 Nxc5 15.O-O Bd7
16.e5 Ba4 17.Qb1 h6 18.Qb4 Rac8 19.Ba2 a5 20.Qxc5 Qxc5 21.Bxc5 Rxc5 22.Nd4 Rxe5
23.Rae1 Rxe1 24.Rxe1 Bd7 25.Bb3 Rf6 26.Re5 a4 27.Bc4 Kf7 28.Rc5 Ke8 29.Rc7 e5
30.Nf3 b5 31.Bf1 Ng6 32.Rc5 Rc6 33.Rxb5 Rxc3 34.Ra5 Rxa3 35.Nxe5 Nxe5 36.Rxe5+ Kf7
37.Ra5 Ra1 38.Kf2 Ra2+ 39.Kg3 Be6 40.Ra7+ Kf6 41.Ra6 Ra3+ 42.Kf2 Ke5 43.Bb5 Ra2+
44.Kg3 Bb3 45.Ra7 a3 46.Rxg7 Rd2 47.Re7+ Kf6 48.Re1 a2  0-1

[Event "ISR-ch"]
[Site "ISR"]
[Date "1992.??.??"]
[Round "3"]
[White "Milov, Vadim"]
[Black "Mikhalevski, Victor"]
[Result "0-1"]
[WhiteElo "2340"]
[BlackElo "2320"]

1.d4 Nf6 2.c4 g6 3.Nc3 d5 4.cxd5 Nxd5 5.e4 Nxc3 6.bxc3 Bg7 7.Bc4 c5 8.Ne2 Nc6
9.Be3 cxd4 10.cxd4 Qa5+ 11.Bd2 Qh5 12.d5 Ne5 13.Bb5+ Bd7 14.Bxd7+ Nxd7 15.Rc1 O-O
16.Rc7 Rfd8 17.Qc2 Be5 18.Rxb7 Rdc8 19.Qb1 Nc5 20.Rb4 Qg4 21.f4 Bc7 22.Kf2 Ba5
23.a3 e5 24.h3 Qh4+ 25.g3 Qe7 26.fxe5 Qxe5 27.Bf4 Qe8 28.Rc4 Rab8 29.Bxb8 Rxb8
30.Rxc5 Bb6 31.Qd3 Bxc5+ 32.Kg2 Rb2 33.Rb1 Ra2 34.Rb3 f5 35.d6 Qxe4+ 36.Qxe4 fxe4
37.Rb8+ Kf7 38.d7 Be7 39.Kf2 Rd2 40.Rb7 Ke6 41.Ke3 Rxd7 42.Nd4+ Kd6 43.Rb5 a6
44.Ra5 Bd8 45.Rxa6+ Kd5 46.Ne6 Ra7 47.Rxa7 Bb6+ 48.Ke2 Bxa7 49.Nc7+ Ke5 50.a4 Bb6
51.Nb5 h5 52.Na3 Kd5 53.Nb1 Ba5 54.Nd2 Bc7 55.Nf1 Kd4 56.g4 h4 57.Ne3 Ke5
58.Ng2 g5 59.Ne3 Bd8 60.Kf2 Bb6 61.a5 Ba7 62.Ke2 Kf4 63.Nf5 Bc5 64.a6  0-1

[Event "ISR-ch"]
[Site "ISR"]
[Date "1992.??.??"]
[Round "4"]
[White "Stisis, Yaacov"]
[Black "Milov, Vadim"]
[Result "0-1"]
[WhiteElo "2275"]
[BlackElo "2340"]

1.e4 c5 2.Nf3 Nc6 3.d4 cxd4 4.Nxd4 e5 5.Nb5 d6 6.c4 Be7 7.Be2 f5 8.exf5 Bxf5
9.O-O Nf6 10.N1c3 a6 11.Na3 O-O 12.Nc2 Rc8 13.Ne3 Be6 14.Ned5 Nd4 15.Be3 Nxe2+
16.Qxe2 Nxd5 17.Nxd5 Bxd5 18.cxd5 Bg5 19.Rac1 Bxe3 20.Qxe3 Rxc1 21.Qxc1 Qa5
22.Qc4 Qd2 23.b3 h6 24.a4 Qf4 25.Qc3 Qe4 26.Rd1 Qe2 27.Rf1 e4 28.h3 Kh7 29.Qg3 Rf6
30.Qg4 Qc2 31.Qd1 Rxf2 32.Qxc2 Rxc2 33.Rf7 Rc5 34.Rxb7 Rxd5 35.Rb6 Rd2 36.Rxa6 Kg6
37.a5 e3 38.Kf1 Kf5 39.Ra8 Ke4 40.a6 Kd3 41.Rd8 Rd1+  0-1

[Event "ISR-ch"]
[Site "ISR"]
[Date "1992.??.??"]
[Round "5"]
[White "Kaspi, Alexander"]
[Black "Milov, Vadim"]
[Result "1-0"]
[WhiteElo "2425"]
[BlackElo "2340"]

1.c4 c5 2.Nc3 b6 3.e4 Bb7 4.g3 g6 5.Bg2 Bg7 6.Nge2 Nc6 7.d3 e6 8.O-O Nge7
9.Rb1 O-O 10.a3 Nd4 11.b4 Bc6 12.Bg5 h6 13.Be3 Kh7 14.f4 Rc8 15.Bf2 d6 16.b5 Nxe2+
17.Nxe2 Ba8 18.g4 f5 19.h3 Qd7 20.Be3 Rf7 21.Ng3 Bb7 22.Qe2 Rcf8 23.h4 Bf6
24.exf5 exf5 25.g5 hxg5 26.fxg5 Be5 27.Bf4 Bd4+ 28.Kh2 d5 29.Rbe1 Kg8 30.Qe6 Qxe6
31.Rxe6 Rh7 32.Kh3 Bc8 33.Re2 dxc4 34.dxc4 Bd7 35.Rfe1 Rff7 36.Nf1 Kf8 37.Ne3 Rh8
38.Nd5 Nc8 39.Bf3 Rfh7 40.h5 gxh5 41.Nc7 Kf7 42.Bc6 Kg6 43.Nd5 Rf7 44.Kh4 Rhf8
45.Bxd7 Rxd7 46.Re6+ Kg7 47.Kxh5 Rdd8 48.Be5+ Bxe5 49.R1xe5 Rd6 50.g6 Rd7
51.Kg5 Rfd8 52.Nf6  1-0

[Event "ISR-ch"]
[Site "ISR"]
[Date "1992.??.??"]
[Round "6"]
[White "Milov, Vadim"]
[Black "Porper, Eduard"]
[Result "1-0"]
[WhiteElo "2340"]
[BlackElo "2395"]

1.d4 d5 2.c4 c6 3.Nc3 Nf6 4.cxd5 cxd5 5.Bf4 a6 6.e3 Nc6 7.Nf3 e6 8.Bd3 Be7
9.h3 O-O 10.O-O Bd7 11.Rc1 Qa5 12.Ne5 Be8 13.Bg5 Kh8 14.Bb1 Ng8 15.Bxe7 Ngxe7
16.Nd3 Ng6 17.a3 Qd8 18.Qe2 Na5 19.Nc5 Qe7 20.Ba2 b5 21.e4 dxe4 22.b4 Nc6
23.d5 exd5 24.Nxd5 Qe5 25.Qxe4 Qxe4 26.Nxe4 Nd4 27.Kh2 Rd8 28.Rfd1 Ne2 29.Rc2 Nef4
30.Rcd2 Ne6 31.Nb6 Rxd2 32.Rxd2 Bc6 33.Bxe6 Bxe4 34.Bc8 Bc6 35.Rd6 Ne7 36.Bxa6 g6
37.Nc8 Nxc8 38.Rxc6 Ne7 39.Rc7 Nd5 40.Rc5  1-0

[Event "ISR-ch"]
[Site "ISR"]
[Date "1992.??.??"]
[Round "8"]
[White "Milov, Vadim"]
[Black "Mikhalevski, Alexander"]
[Result "0-1"]
[WhiteElo "2340"]
[BlackElo "2400"]

1.d4 d5 2.c4 e6 3.Nc3 Be7 4.cxd5 exd5 5.Bf4 Nf6 6.e3 O-O 7.Bd3 b6 8.Nge2 c5
9.O-O Bb7 10.Ng3 g6 11.Be5 Nbd7 12.f4 Ne8 13.Qg4 Nxe5 14.dxe5 c4 15.Bc2 Bc5
16.Rae1 Ng7 17.f5 Qc7 18.f6 Ne6 19.Rf5 d4 20.Nce4 d3 21.Ba4 Rfd8 22.Rh5 d2
23.Rf1 Bxe3+ 24.Kh1 Rd5 25.Nd6 Nf4 26.Rxf4 Bxf4 27.Ngf5 Rxe5 28.Ne7+ Qxe7  0-1

[Event "ISR-ch"]
[Site "ISR"]
[Date "1992.??.??"]
[Round "9"]
[White "Milov, Vadim"]
[Black "Gofshtein, Leonid D"]
[Result "1/2-1/2"]
[WhiteElo "2340"]
[BlackElo "2550"]

1.d4 g6 2.e4 Bg7 3.Nc3 c6 4.Bc4 d5 5.exd5 b5 6.Bb3 b4 7.Nce2 cxd5 8.a3 bxa3
9.Rxa3 Nf6 10.Nf3 O-O 11.O-O Nc6 12.Ne5 Bb7 13.Nd3 Na5 14.Nc5 Bc6 15.Ba4 Bxa4
16.Rxa4 Nc4 17.b3 Nd6 18.Qd3 Nd7 19.Ba3 Nb6 20.Ra6 Re8 21.Bb4 Qc7 22.h3 Nf5
23.c3 e5 24.dxe5 Qxe5 25.Ng3 Ne7 26.Qb5 Qc7 27.Ba5 Rab8 28.Na4 Nd7 29.Bxc7 Rxb5
30.Re1 Nf6 31.b4 d4 32.cxd4 Ned5 33.Rxe8+ Nxe8 34.Ba5 Bxd4 35.Ne2 Be5 36.Rxa7 Nef6
37.Nc5 Nxb4 38.Bxb4 Rxb4 39.g3  1/2-1/2

[Event "Berliner Sommer"]
[Site "Berlin"]
[Date "1993.??.??"]
[Round "?"]
[White "Steinbacher, Matthias"]
[Black "Milov, Vadim"]
[Result "1/2-1/2"]
[WhiteElo "2385"]
[BlackElo "2500"]

1.d4 Nf6 2.c4 e6 3.Nf3 d5 4.g3 dxc4 5.Bg2 Nc6 6.Qa4 Bd6 7.O-O O-O 8.Rd1 Nb4
9.Re1 b5 10.Qd1 Bb7 11.Nc3 a6 12.Bg5 Be7 13.a4 Nbd5 14.axb5 Nxc3 15.bxc3 axb5
16.Bxf6 Bxf6 17.Rb1 Ra5 18.Qc2 c5 19.Red1 Bxf3 20.dxc5 Qc7 21.Bxf3 Qxc5 22.Ra1 Rxa1
23.Rxa1 Rb8 24.Ra5 Qc7 25.Ra3 g6 26.Qe4 Qd6 27.Qf4 Qxf4 28.gxf4 b4 29.cxb4 c3
30.Ra2 Rxb4 31.e3 Kg7 32.Kg2 h6 33.Be2 g5 34.fxg5 hxg5 35.h3 Be5 36.Bd3 f5
37.Ra5 Kf6 38.Rc5 Rb2 39.Kf3 Rd2 40.Bb1 Rd1 41.Ba2 Ra1 42.Bb3 Rb1 43.Bc2 Rh1
44.Bb3 Rxh3+ 45.Ke2 Rh2 46.Rc6 Bg3 47.Rxe6+ Kg7 48.Kd3 Bxf2 49.Kxc3 Rh3 50.Kd2 f4
51.exf4 Rxb3 52.fxg5 Bh4 53.g6 Bf6 54.Ke2 Kxg6 55.Re3 Rb4 56.Rf3 Kf7 57.Re3 Bg5
58.Ra3 Kf6 59.Kf3 Bf4 60.Ra8 Bd6 61.Ra7 Kf5 62.Rf7+ Ke5 63.Ra7 Rb3+ 64.Kg4 Ke6
65.Ra6 Rg3+ 66.Kh4 Rg8 67.Rb6 Ke5 68.Kh3 Be7 69.Rb1 Bg5 70.Kg4 Bf4+ 71.Kf3 Kf5
72.Rb7 Rg3+ 73.Kf2 Ra3 74.Ke2 Kg4 75.Rg7+ Bg5 76.Rf7 Re3+ 77.Kf2 Re6 78.Kg2 Ra6
79.Kf1 Ra2 80.Rf2 Ra3 81.Rf8 Re3 82.Kf2 Re6 83.Kg2 Re7 84.Rg8 Re2+ 85.Kf1 Ra2
86.Ke1 Kf5 87.Re8 Bf4 88.Re2 Ra1+ 89.Kf2 Kg4 90.Rc2 Ra3 91.Ke2 Re3+ 92.Kf2 Re4
93.Rc3 Be5 94.Rc8 Bg3+ 95.Kg2 Re2+ 96.Kf1 Rf2+ 97.Kg1 Ra2 98.Kf1 Bf4 99.Rc3 Bd2
100.Rb3 Ba5 101.Rd3 Kf4 102.Rb3 Ke4 103.Rh3 Bb6 104.Rh4+ Kd3 105.Rh3+ Be3  1/2-1/2

[Event "Berliner Sommer"]
[Site "Berlin"]
[Date "1993.??.??"]
[Round "?"]
[White "Milov, Vadim"]
[Black "Michaelsen, Nils"]
[Result "1-0"]
[WhiteElo "2500"]
[BlackElo "2435"]

1.d4 Nf6 2.c4 g6 3.Nc3 d5 4.cxd5 Nxd5 5.e4 Nxc3 6.bxc3 Bg7 7.Bc4 c5 8.Ne2 Nc6
9.Be3 O-O 10.O-O Qc7 11.Rc1 Rd8 12.Bf4 Qd7 13.d5 Na5 14.Bd3 b6 15.Bg5 h6
16.Be3 e6 17.c4 Ba6 18.Nf4 e5 19.Ne2 Nb7 20.Qd2 h5 21.Bh6 Nd6 22.Bxg7 Kxg7
23.f4 f6 24.fxe5 fxe5 25.Qg5 Kh7 26.Qxe5 Re8 27.Qf4 Qe7 28.Rf3 Qe5 29.Qh4 Re7
30.Nf4 Rae8 31.Qg3 Rg8 32.Ne6 Rxe6 33.dxe6 Qxe6 34.Rcf1 Nxc4 35.Rf6  1-0

[Event "Berliner Sommer"]
[Site "Berlin"]
[Date "1993.??.??"]
[Round "?"]
[White "Tseitlin, Mikhail S"]
[Black "Milov, Vadim"]
[Result "1/2-1/2"]
[WhiteElo "2430"]
[BlackElo "2500"]

1.e4 c5 2.Nf3 Nc6 3.Bb5 e6 4.O-O Nge7 5.Re1 Nd4 6.Nxd4 cxd4 7.c3 Nc6 8.b3 a6
9.Bxc6 dxc6 10.e5 c5 11.cxd4 Qxd4 12.Nc3 Bd7 13.Re4 Qd3 14.Re3 Qf5 15.Bb2 Bc6
16.Qe2 Qc2 17.Ba3 Rd8 18.Rd1 Be7 19.Rg3 O-O 20.Qe3 f5 21.exf6 Bxf6 22.Rc1 Qxd2
23.Bxc5 Rf7 24.h3 Rd3 25.Qxd3 Qxc1+ 26.Kh2 Qf4 27.Ne2 Qf5 28.Qxf5 exf5 29.Bd4 Bd8
30.Be5 Bh4 31.Rc3 Bxf2 32.Nd4 Bxd4 33.Bxd4 Rd7 34.Rd3 Kf7 35.Rd2 f4 36.g3 g5
37.h4 h6 38.hxg5 hxg5 39.gxf4 gxf4 40.Bc3 Re7 41.Rf2 f3 42.Kg3 Re8 43.Kf4 Ke6
44.Bd4 Rf8+ 45.Ke3 Kf5 46.Rc2 Re8+ 47.Kf2 Ke4 48.Rd2 Bb5 49.Bb6 Bd3 50.a4 Rh8
51.Kg3 Rg8+ 52.Kf2 a5 53.Bxa5 Rg2+ 54.Ke1 Rg1+ 55.Kf2 Rb1 56.Bb6 Rxb3 57.a5 Rb1
58.Kg3 Rb5 59.Rh2 Rg5+ 60.Kf2 Rg4 61.Bd8 Rg8 62.Rh4+ Kd5 63.Bb6 Be4 64.Ke3 Re8
65.Rf4 Kd6 66.Kd4 Bc6 67.Rf6+ Kd7 68.Bc5 Re4+ 69.Kc3 Ra4 70.Bb6 Ke7 71.Rf5 Ke6
72.Rf8 Ra3+ 73.Kb4 Ra2 74.Kb3 Bd5+ 75.Kc3 Bc6 76.Kb3 Ra1 77.Kb2 Rh1 78.Kc3 Ke5
79.Rf7 Rc1+ 80.Kd2 Rb1 81.Kc3 Ke4 82.Re7+ Kf4 83.Rf7+ Kg5 84.Rg7+ Kf5 85.Rf7+ Kg6  1/2-1/2

[Event "Berliner Sommer"]
[Site "Berlin"]
[Date "1993.??.??"]
[Round "?"]
[White "Milov, Vadim"]
[Black "Espig, Lutz"]
[Result "1/2-1/2"]
[WhiteElo "2500"]
[BlackElo "2455"]

1.d4 Nf6 2.c4 d6 3.Nc3 Nbd7 4.e4 e5 5.Be2 Be7 6.Nf3 O-O 7.O-O c6 8.Re1 a6
9.Rb1 b5 10.b4 Qc7 11.Qc2 Bb7 12.dxe5 Nxe5 13.Nxe5 dxe5 14.Be3 a5 15.a3 axb4
16.axb4 bxc4 17.Bxc4 Bd6 18.Na4 Qe7 19.Nc5 Ng4 20.Bc1 Bc8 21.Rb3 Bxc5 22.bxc5 Be6
23.h3 Nf6 24.Bg5 Ra5 25.Bxe6 Qxe6 26.Rd1 Rxc5 27.Qxc5 Qxb3 28.Ra1 Qe6 29.Bxf6 Qxf6
30.Ra6 Rc8 31.Ra5 Re8 32.Ra6 Rc8 33.Ra5  1/2-1/2